00288nam a2200109Ia 4500008004100000100001900041245006200060250001200122260002800134300000800162650000800170191201s2009 xx 000 0 und d aSINHA, P. R. N 0aIndustrial Relations, Trade Unions and Labour Legislation aIMP 5th aN. DelhibPearsonc2009 a632 aBBA